000 00361nam a2200145Ia 4500
008 210210b1984 xxu||||| |||| 00| 0 eng d
082 _a121.8 PIRZ
100 _aPIRSIG (Robert M).
245 _aZen and the art of motorcycle maintenance.
260 _aN Y
_bBantam books
_c1984
300 _avi,380
650 _aZen
690 _aPhilosophy
906 _a050134
999 _c98991
_d98991